Countries in FIBA World Cup 1954 - Statistics

General Stats
  • This quiz has been taken 12 times
  • The average score is 9 of 12
Answer Stats
Rank Country % Correct
Host (2nd Place) Brazil
100%
7th Place Canada
100%
4th Place France
100%
Champions (1st Place) United States
100%
6th Place Uruguay
89%
11th Place Yugoslavia
89%
12th Place Peru
78%
9th Place Paraguay
56%
5th Place Taiwan
56%
10th Place Chile
44%
8th Place Israel
44%
3rd Place Philippines
22%
No matching quizzes found
Score Distribution
Percent of People with Each Score
Percentile by Number Answered
Your Score History
You have not taken this quiz